[Event "Hoogovens Blitz"]
[Site "Wijk aan Zee"]
[Date "1998.01.19"]
[Round "2"]
[White "Van Wely, Loek"]
[Black "Gelfand, Boris"]
[Result "0-1"]
[WhiteElo "2605"]
[BlackElo "2675"]

1.c4 e5 2.Nc3 Nf6 3.Nf3 Nc6 4.g3 Bb4 5.Nd5 Bc5 6.d3 h6 7.a3 a6 8.b4 Ba7 9.Bb2 d6
10.Bg2 O-O 11.O-O Nxd5 12.cxd5 Ne7 13.Nd2 f5 14.Rc1 Rf7 15.Rc4 b5 16.Rc1 Bb7
17.Qb3 Kh8 18.Kh1 f4 19.Be4 Ng8 20.gxf4 Rxf4 21.e3 Rf7 22.d4 exd4 23.exd4 Nf6
24.Bg2 Qd7 25.Rc6 Raf8 26.h3 Qf5 27.Kg1 Bxc6 28.dxc6 Nh5 29.Ne4 Nf4 30.Ng3 Qd3
31.Qd1 Qxd1 32.Rxd1 Nxg2  0-1

[Event "Cap d'Agde KO"]
[Site "Cap d'Agde"]
[Date "1998.10.30"]
[Round "3.5"]
[White "Karpov, Anatoly"]
[Black "Gelfand, Boris"]
[Result "1/2-1/2"]
[WhiteElo "2725"]
[BlackElo "2675"]

1.c4 e5 2.Nc3 Nf6 3.Nf3 Nc6 4.g3 Bb4 5.Bg2 O-O 6.O-O e4 7.Ne1 Bxc3 8.dxc3 h6
9.Nc2 d6 10.Ne3 Re8 11.Qc2 Bd7 12.Rd1 Ne5 13.c5 dxc5 14.Bxe4 Nxe4 15.Qxe4 Qc8
16.Qc2 Bc6 17.f3 Qe6 18.Qf5 Bb5 19.Qxe6 Rxe6 20.Kf2 Rae8 21.b3 Nc6 22.c4 Ba6
23.Rb1 Nd4 24.Rb2 b5 25.h4 bxc4 26.bxc4 Rb6 27.a3 Bb7 28.Rd3 Bc6 29.Rc3 Reb8
30.Rd2 Rb1 31.Rdd3 Ba4 32.Nd5 c6 33.Nf4 R8b3 34.Be3 Rxc3 35.Rxc3 Rb3 36.Rxb3 Bxb3
37.Nd3 Bxc4 38.Nxc5 Nxe2 39.Ne4 a6 40.Nd6 Bd3 41.Ke1 Nxg3 42.Kd2 Bb5 43.Kc3 f6
44.Kb4 Kh7 45.a4 Be2 46.f4 Kg6 47.Kc5 Kh5 48.Ne8 Nf5 49.Bf2 Kg4 50.Be1 Kxf4
51.Kxc6 g5 52.h5  1/2-1/2

[Event "Cap d'Agde KO"]
[Site "Cap d'Agde"]
[Date "1998.10.30"]
[Round "3.1"]
[White "Karpov, Anatoly"]
[Black "Gelfand, Boris"]
[Result "1/2-1/2"]
[WhiteElo "2725"]
[BlackElo "2675"]

1.d4 d5 2.c4 c6 3.Nc3 Nf6 4.e3 e6 5.b3 Nbd7 6.Bb2 Bd6 7.Nf3 O-O 8.Bd3 e5
9.cxd5 cxd5 10.dxe5 Nxe5 11.Be2 Be6 12.O-O Nxf3+ 13.Bxf3 Be5 14.Rc1 Rc8 15.Qd2 Ne4
16.Nxe4 dxe4 17.Qxd8 Rfxd8 18.Bxe5 exf3 19.Bd4 Bd5 20.g4 Be6 21.h3 h5 22.gxh5 Bxh3
23.Rfd1 Rxc1 24.Rxc1 Rd5 25.Kh2 Rxh5 26.Kg3 Bd7 27.Kxf3 Bc6+ 28.Kg4 Rh6 29.Rc5 a6
30.Rg5 f6 31.Rc5 Kf7 32.a4 Rh2 33.f4 Rg2+ 34.Kh3 Rg1 35.b4 Rb1 36.Bc3 Rh1+
37.Kg3 Rg1+ 38.Kh2 Rh1+ 39.Kg3 Rg1+ 40.Kh2 Rg2+ 41.Kh3 Rc2 42.a5 Rc1 43.f5 Rh1+
44.Kg4 Rg1+ 45.Kf4 Rf1+ 46.Kg4 Ke7 47.Bd4 Rg1+ 48.Kf4 Rf1+ 49.Kg4 Kd6 50.Bc3 Rg1+
51.Kf4 Rf1+ 52.Kg4 Rg1+ 53.Kf4 Rf1+  1/2-1/2

[Event "Amber Blindfold"]
[Site "Monte Carlo"]
[Date "1999.03.26"]
[Round "9"]
[White "Van Wely, Loek"]
[Black "Gelfand, Boris"]
[Result "1-0"]
[WhiteElo "2632"]
[BlackElo "2691"]

1.d4 Nf6 2.c4 e6 3.Nf3 b6 4.g3 Ba6 5.b3 Bb7 6.Bg2 Bb4+ 7.Bd2 c5 8.O-O O-O
9.Bxb4 cxb4 10.Qd3 d6 11.Nbd2 a5 12.Nh4 Bxg2 13.Nxg2 Nc6 14.Ne4 a4 15.Ne3 Nxe4
16.Qxe4 Qd7 17.d5 Na5 18.dxe6 fxe6 19.Nc2 Rac8 20.Rab1 axb3 21.axb3 d5 22.Qd3 Qc7
23.Nxb4 dxc4 24.bxc4 Nxc4 25.Rfd1 Qc5 26.Qd4 Qh5 27.Qe4 Qf5 28.Qxf5 exf5
29.Nd5 Rfe8 30.Nxb6 Nxb6 31.Rxb6 Rxe2 32.Rd7 Kh8 33.Rbb7 Rg8 34.Rd5 Rf8 35.Rxf5 Ree8
36.Rg5 g6 37.Kf1 Rb8 38.Rgb5 Rxb7 39.Rxb7 Ra8 40.g4 Kg8 41.Kg2 Ra3 42.g5 Ra5
43.h4 Ra3 44.f3 Ra4 45.Kg3 Rc4 46.Re7 Ra4 47.Re4 Ra3 48.Rb4 Kg7 49.Kg4 Ra1
50.h5 Rg1+ 51.Kf4 gxh5 52.Kf5 Ra1 53.Rb7+ Kg8 54.Rb6 Ra5+ 55.Kf6 Ra8 56.f4 h4
57.Kf5 h3 58.Rh6 Ra3 59.Kg4 Kg7 60.Rxh3 Ra6 61.Rh1 Ra4 62.Rh6 Rb4 63.Re6 Ra4
64.Rd6 Rb4 65.Kf5 Rb5+ 66.Ke4 Rb4+ 67.Ke5 Rb5+ 68.Rd5 Rb7 69.f5 Re7+ 70.Kd6 Re1
71.Re5 Ra1 72.Re7+ Kg8 73.Ke5 Ra6 74.Rd7 Ra8 75.Kd6 Rf8 76.f6 Ra8 77.Ke7 Rb8
78.Ke6 Rb6+ 79.Rd6 Rb8 80.Ra6 Rc8 81.Ra7 Rb8 82.Rg7+ Kh8 83.Re7 Kg8 84.Kf5 Rb5+
85.Re5 Rb1 86.Re8+ Kf7 87.Rh8 Rg1 88.Rxh7+  1-0

[Event "Wydra mem rapidplay"]
[Site "Haifa ISR"]
[Date "2000.02.03"]
[Round "2"]
[White "Gelfand,B"]
[Black "Avrukh,B"]
[Result "1-0"]
[WhiteElo "2692"]
[BlackElo "2620"]

1.Nf3 c5 2.c4 Nc6 3.d4 cxd4 4.Nxd4 Nf6 5.g3 Qb6 6.Nb3 Ne5 7.c5 Qc6 8.Rg1 e6
9.Qd4 Qe4 10.Be3 d5 11.cxd6 Qxd4 12.Bxd4 Bxd6 13.Bg2 Ke7 14.Nc3 Nc6 15.Bxc6 bxc6
16.O-O-O e5 17.Bc5 Bxc5 18.Nxc5 Rb8 19.f3 h5 20.h4 Be6 21.Rd2 Rhd8 22.Rgd1 Rxd2
23.Rxd2 Nd5 24.Nxe6 Kxe6 25.Ne4 Ke7 26.a3 f5 27.Ng5 Ne3 28.Rd3 f4 29.gxf4 exf4
30.Rd4 Ng2 31.Nh3 Rf8 32.Ra4 Rf5 33.Rxa7+ Kf6 34.Rc7 Rc5+ 35.Kb1 Nxh4 36.Nxf4 Ng6
37.Nd3 Ra5 38.Rxc6+ Kg5 39.Nf2 Ne5 40.Rc7 g6 41.Ka2 Kf4 42.b4 Rd5 43.Kb3 Ke3
44.Nh3 g5 45.Nxg5 Kxe2 46.Rh7 Nd3 47.Rxh5 Ke3 48.Kc4 Rf5 49.Rh4 Nb2+ 50.Kb3 Nd3
51.Ne6  1-0

[Event "Wydra mem rapidplay"]
[Site "Haifa ISR"]
[Date "2000.02.04"]
[Round "7"]
[White "Gelfand,B"]
[Black "Psakhis,L"]
[Result "1-0"]
[WhiteElo "2692"]
[BlackElo "2599"]

1.d4 e6 2.c4 Nf6 3.Nf3 b6 4.g3 Ba6 5.b3 Bb4+ 6.Bd2 Bxd2+ 7.Qxd2 c6 8.Qc2 d5
9.Nbd2 Nbd7 10.Bg2 c5 11.O-O O-O 12.e4 cxd4 13.exd5 exd5 14.Nxd4 Rc8 15.Rfe1 g6
16.Rac1 b5 17.Qb2 bxc4 18.bxc4 Bxc4 19.Nxc4 Rxc4 20.Rxc4 dxc4 21.Nc6 Qb6
22.Qc3 Re8 23.Rxe8+ Nxe8 24.Qxc4 Nef6 25.Bf3 Qb2 26.Kg2 Qb6 27.a4 Kg7 28.a5 Qc7
29.Qa6 g5 30.Qxa7 Qd6 31.Qd4 Qa3 32.Ne5 Qc5 33.Qxc5 Nxc5 34.Be2 Nd5 35.a6 Kf6
36.a7 Nc7 37.Nc4  1-0

[Event "Wydra mem rapidplay"]
[Site "Haifa ISR"]
[Date "2000.02.05"]
[Round "14"]
[White "Psakhis,L"]
[Black "Gelfand,B"]
[Result "0-1"]
[WhiteElo "2599"]
[BlackElo "2692"]

1.d4 d5 2.c4 c6 3.Nc3 Nf6 4.e3 a6 5.Bd3 dxc4 6.Bxc4 b5 7.Bb3 Bb7 8.Nf3 e6
9.a4 b4 10.Ne2 c5 11.O-O Nbd7 12.Nf4 Bd6 13.Ng5 Qe7 14.Re1 O-O 15.Qd3 Rac8
16.Bd2 e5 17.Nd5 Bxd5 18.Bxd5 h6 19.Bxf7+ Kh8 20.e4 Nh7 21.Nxh7 Rxf7 22.Qxa6 Rb8
23.d5 Kxh7 24.a5 Rff8 25.Be3 Ra8 26.Qd3 Ra7 27.a6 Rb8 28.Ra5 Rb6 29.Rea1 Qd8
30.h3 Qc8 31.Qe2 Nb8 32.Rc1 Raxa6 33.Raxc5 Bxc5 34.Rxc5 Qd8 35.Rc1 Rg6 36.Qb5 Nd7
37.Qb7 Rad6 38.Rc8 Qe7 39.Qa8 Rgf6 40.Qb7 Qf7 41.Qa8 Ra6 42.Rh8+ Kg6 43.Qc8 Ra1+
44.Kh2 Rxf2 45.Bxf2 Qxf2 46.Qe8+ Qf7  0-1

[Event "Israeli League"]
[Site "Ramat Aviv ISR"]
[Date "2000.03.10"]
[Round "5"]
[White "Rechlis,G"]
[Black "Gelfand,B"]
[Result "1/2-1/2"]
[WhiteElo "2507"]
[BlackElo "2692"]

1.c4 Nf6 2.Nc3 e5 3.Nf3 Nc6 4.a3 g6 5.g3 Bg7 6.Bg2 O-O 7.O-O d5 8.cxd5 Nxd5
9.Nxe5 Nxc3 10.Nxc6 Nxe2+ 11.Qxe2 bxc6 12.Bxc6 Rb8 13.d3 Be6 14.Rb1  1/2-1/2

[Event "Amber Blindfold"]
[Site "Monaco MNC"]
[Date "2000.03.18"]
[Round "3"]
[White "Piket,Je"]
[Black "Gelfand,B"]
[Result "1-0"]
[WhiteElo "2633"]
[BlackElo "2692"]

1.d4 d5 2.c4 c6 3.Nf3 Nf6 4.Nc3 e6 5.Bg5 h6 6.Bh4 dxc4 7.e4 g5 8.Bg3 b5 9.Be2 Bb7
10.O-O Nbd7 11.e5 Nh5 12.Nd2 Nxg3 13.hxg3 Qb6 14.Bh5 Qxd4 15.Bxf7+ Kxf7 16.Qh5+ Kg7
17.Rad1 Nxe5 18.Nf3 Qg4 19.Rd7+ Kg8 20.Ne4 Bg7 21.Qxg4 Nxg4 22.Rxb7 Bxb2
23.Rc7 Nf6 24.Nc5 Nd5 25.Rxc6 Nb4 26.Rxe6 c3 27.a3 Bxa3 28.Ne5 c2 29.Ncd7 Nd5
30.Rc6 c1=Q 31.Rfxc1 Bxc1 32.Rxc1 Kg7 33.Rc6 Ne7 34.Re6 Rhe8 35.Nf6 b4 36.Nh5+ Kh7
37.Nf6+ Kg7 38.Nh5+ Kf8 39.Rf6+ Kg8 40.Rf7 Nd5 41.Rg7+  1-0

[Event "GM"]
[Site "Biel SUI"]
[Date "2000.08.03"]
[Round "9"]
[White "Gallagher,Jo"]
[Black "Gelfand,B"]
[Result "1/2-1/2"]
[WhiteElo "2514"]
[BlackElo "2681"]

1.e4 c5 2.Nf3 d6 3.d4 cxd4 4.Nxd4 Nf6 5.Nc3 a6 6.Be3 e5 7.Nb3 Be6 8.f4 exf4
9.Bxf4 Nc6 10.Qd2 d5 11.exd5 Nxd5 12.Nxd5 Qxd5 13.Qxd5 Bxd5 14.O-O-O O-O-O
15.g3 Bd6 16.Bh3+ Kc7 17.Rhf1 Bxf4+ 18.Rxf4 Ne5 19.Rfd4 Bc6 20.Rxd8 Rxd8
21.Rxd8 Kxd8 22.Nd4 Bd5 23.b3 g6 24.Kd2 f5 25.c4 Be4 26.Kc3 Ke7  1/2-1/2

[Event "34th Olympiad"]
[Site "Istanbul TUR"]
[Date "2000.10.29"]
[Round "2"]
[White "Papaioannou,I"]
[Black "Gelfand,B"]
[Result "1/2-1/2"]
[WhiteElo "2578"]
[BlackElo "2681"]

1.e4 c5 2.b3 d6 3.Bb2 Nf6 4.Bb5+ Nbd7 5.Qe2 g6 6.f4 Bg7 7.Nf3 O-O 8.O-O a6
9.Bxd7 Qxd7 10.Nc3 b5 11.f5 Bb7 12.d3 e6 13.fxg6 fxg6 14.Rae1 Rae8 15.a3 Nh5
16.g3 Qd8 17.Rf2 Nf6 18.Rff1 Qb6 19.Nd1 e5 20.c4 Bc8 21.Kg2 Bh6  1/2-1/2

[Event "34th Olympiad"]
[Site "Istanbul TUR"]
[Date "2000.10.29"]
[Round "2"]
[White "Papaioannou,I"]
[Black "Gelfand,B"]
[Result "1/2-1/2"]
[WhiteElo "2578"]
[BlackElo "2681"]

1.e4 c5 2.b3 d6 3.Bb2 Nf6 4.Bb5+ Nbd7 5.Qe2 g6 6.f4 Bg7 7.Nf3 O-O 8.O-O a6
9.Bxd7 Qxd7 10.Nc3 b5 11.f5 Bb7 12.d3 e6 13.fxe6 fxe6 14.Rae1 Rae8 15.a3 Nh5
16.g3 Qd8 17.Rf2 Nf6 18.Rff1 Qb6 19.Nd1 e5 20.c4 Bc8 21.Kg2 Qd8 22.Ng1  1/2-1/2

[Event "FIDE WCh KO"]
[Site "Moscow RUS"]
[Date "2001.12.05"]
[Round "4.6"]
[White "Azmaiparashvili,Z"]
[Black "Gelfand,B"]
[Result "1/2-1/2"]
[WhiteElo "2674"]
[BlackElo "2701"]

1.d4 Nf6 2.c4 c6 3.Nc3 d5 4.cxd5 cxd5 5.Bf4 Nc6 6.e3 a6 7.Bd3 Bg4 8.Nge2 e6
9.Qb3 Na5 10.Qa4+ Nc6 11.Ng3 Be7 12.Be5 b5 13.Qb3 Nxe5 14.dxe5 Nd7 15.h3 Nxe5
16.Bb1 Bh4 17.hxg4 Bxg3 18.fxg3 Nxg4 19.Nd1 Qc7 20.e4 d4 21.O-O O-O 22.Qf3 h5
23.Bd3 Ne5 24.Qe2 Qe7 25.Qd2 Rac8 26.Nf2 Rfd8 27.Rac1 Nc4 28.Bxc4 bxc4 29.Qe2 Qc5
30.e5 d3 31.Qxh5 d2 32.Rcd1 Rd5 33.Qg5 Rcd8 34.Kh2 f6 35.Qf4 fxe5 36.Qg4 Qe3
37.Ne4 Qh6+ 38.Kg1 Qe3+ 39.Rf2 Rd4 40.Nf6+ Kf7 41.Ne4+ Kg8 42.Qxe6+ Kh8 43.Nc3 Rf8
44.Qh3+ Kg8 45.Qe6+ Kh8 46.Rf1 Rxf2 47.Rxf2 d1=Q+ 48.Nxd1 Rxd1+ 49.Kh2 Qxf2
50.Qe8+ Kh7 51.Qh5+ Kg8 52.Qxd1 Qxb2 53.Qd5+ Kf8 54.Qxc4 Qb5 55.Qc8+ Kf7
56.Qf5+ Kg8 57.Qe6+ Kf8 58.g4 Qb4 59.Qf5+ Kg8 60.Qe6+ Kh7 61.Kh3 Qc3+ 62.g3 Qe1
63.Kh4 Qd2 64.Qxa6 e4 65.g5 e3 66.Qc4 e2 67.Qe4+ g6 68.Qe7+ Kg8 69.Qe6+ Kf8
70.Qf6+ Ke8 71.Qxg6+ Kd7 72.Qf5+ Kc6 73.Qc8+ Kb6 74.Qb8+ Ka6 75.Qa8+ Kb6
76.Qb8+ Ka6 77.Kh5  1/2-1/2

[Event "Corus"]
[Site "Wijk aan Zee NED"]
[Date "2002.01.16"]
[Round "4"]
[White "Piket,Je"]
[Black "Gelfand,B"]
[Result "1-0"]
[WhiteElo "2659"]
[BlackElo "2703"]

1.d4 Nf6 2.c4 e6 3.Nc3 Bb4 4.e3 O-O 5.Bd3 d5 6.cxd5 exd5 7.Ne2 Re8 8.O-O Bd6
9.Bd2 c5 10.dxc5 Bxc5 11.Rc1 Nc6 12.Nb5 Bb6 13.Nbd4 Bd7 14.Bc3 Ne4 15.Nxc6 bxc6
16.Bd4 Qg5 17.Bxe4 Rxe4 18.Ng3 Rh4 19.f4 Qh6 20.h3 Re8 21.Rf3 Qd6 22.a4 Qb4
23.b3 Rh6 24.Bxb6 Qxb6 25.Qd4 Rhe6 26.Nf5 Qxd4 27.Nxd4 Rxe3 28.Rxe3 Rxe3
29.Nxc6 Rxb3 30.Nxa7 Kf8 31.Rc5 Bxa4 32.Rxd5 Rb8 33.Rc5 Bd7 34.Rc7 Ke8 35.Kh2 Rb6
36.f5 h5 37.g4 h4 38.Kg2 Ra6 39.Rb7 Kd8 40.Kf2 Ra2+  1-0

[Event "ECC"]
[Site "Rethymnon GRE"]
[Date "2003.09.30"]
[Round "3"]
[White "Tregubov,P"]
[Black "Gelfand,B"]
[Result "1/2-1/2"]
[WhiteElo "2635"]
[BlackElo "2695"]

1.d4 Nf6 2.c4 e6 3.Nf3 b6 4.g3 Ba6 5.Nbd2 d5 6.Bg2 Be7 7.O-O O-O 8.cxd5 exd5
9.Ne5 Bb7 10.b3 c5 11.dxc5 bxc5 12.Bb2 Nbd7 13.Ndc4 Rb8 14.Nxd7 Qxd7 15.Ne5 Qe6
16.Rc1 d4 17.Bxb7 Rxb7 18.Nd3 Rc8 19.Re1 Ng4 20.e3 dxe3 21.fxe3 Nf6 22.Qf3 Qe4
23.Kg2 Qxf3+ 24.Kxf3 Nd5 25.Re2 a5 26.Rec2 h6 27.h4 Ra8 28.Rc4 a4 29.Rxa4 Rxa4
30.bxa4 Ra7 31.Ne5  1/2-1/2

[Event "XVI Carlos Torre Mem KO"]
[Site "Merida MEX"]
[Date "2003.12.19"]
[Round "3.1"]
[White "Gelfand,B"]
[Black "Quezada,Y"]
[Result "0-1"]
[WhiteElo "2703"]
[BlackElo "2475"]

1.Nf3 Nf6 2.c4 e6 3.d4 b6 4.g3 Bb7 5.Bg2 Be7 6.Nc3 O-O 7.O-O Ne4 8.Bd2 c5
9.Ne5 Nxc3 10.Bxc3 Bxg2 11.Kxg2 d6 12.Ng4 Nd7 13.d5 Nf6 14.Ne3 Re8 15.Qd3 Bf8
16.Rad1 Rb8 17.dxe6 fxe6 18.Rd2 Qe7 19.Bxf6 gxf6 20.f4 f5 21.g4 fxg4 22.Nxg4 Kh8
23.Rf3 Qh4 24.Rg3 Rb7 25.Qc3+ Rg7 26.Nf6 Ree7 27.Rd3 e5 28.Nd5 exf4 29.Nxf4 Qxf4
30.Rf3 Qe4 31.Kg1 Kg8  0-1

[Event "Amber Rapid"]
[Site "Monte Carlo MNC"]
[Date "2004.03.23"]
[Round "4"]
[White "Gelfand,B"]
[Black "Leko,P"]
[Result "1/2-1/2"]
[WhiteElo "2709"]
[BlackElo "2722"]

1.d4 Nf6 2.Nf3 e6 3.c4 b6 4.g3 Ba6 5.Qa4 Bb7 6.Bg2 c5 7.dxc5 Bxc5 8.O-O Be7
9.Nc3 O-O 10.Bf4 Na6 11.Rfd1 Nc5 12.Qc2 Qc8 13.Rd4 d5 14.cxd5 Nxd5 15.Nxd5 Bxd5
16.Rc1 Qb7 17.b4 Ne4 18.Qc7 Qxc7 19.Rxc7 Bd6 20.Bxd6  1/2-1/2

[Event "EuCh-Internet KO"]
[Site "playchess.com INT"]
[Date "2004.11.07"]
[Round "1.2"]
[White "Kobalia,M"]
[Black "Gelfand,B"]
[Result "1/2-1/2"]
[WhiteElo "2621"]
[BlackElo "2693"]


1.e4 c5 2.Nf3 d6 3.d4 cxd4 4.Nxd4 Nf6 5.Nc3 a6 6.Be3 Ng4 7.Bg5 h6 8.Bh4 g5
9.Bg3 Bg7 10.h3 Ne5 11.f3 Nbc6 12.Bf2 Ng6 13.Qd2 Qa5 14.O-O-O Be6 15.Kb1 Rc8
16.Nd5 Qxd2 17.Rxd2 Nxd4 18.Bxd4 Bxd4 19.Rxd4 h5 20.Rb4 Bxd5 21.exd5 Rc7
22.Bd3 Rh6 23.c3 Nf4 24.Be4 h4 25.Rg1 Kf8 26.a4 Kg7 27.Kc2 Rh8 28.a5 Rf8
29.g3 Ne2 30.Re1 Nxg3 31.Bd3 Nh5 32.Rg1 Kh6 33.Rbg4 f6 34.Rxh4 gxh4 35.Rg6+ Kh7
36.Rg5+ f5 37.Rxh5+ Kg6 38.Rxh4 Kg5 39.Rb4 Rh8 40.h4+ Rxh4 41.Rxh4 Kxh4 42.Bxf5 Kg3
43.Be4 Kf4 44.b4 Ke3 45.Kb3 Rc8 46.Kc2 Rh8 47.Kb3 Kd2 48.c4 Rc8 49.Bf5 Rf8
50.Be4 Ke3 51.Kc3 Rc8 52.Bf5 Rf8 53.Be4 Rc8 54.Bf5 Rf8 55.Be4  1/2-1/2

[Event "EuCh-Internet KO"]
[Site "playchess.com INT"]
[Date "2004.11.07"]
[Round "2.2"]
[White "Gelfand,B"]
[Black "Turov,M"]
[Result "1-0"]
[WhiteElo "2693"]
[BlackElo "2543"]


1.d4 Nf6 2.c4 g6 3.g3 Bg7 4.Bg2 d5 5.cxd5 Nxd5 6.Nf3 O-O 7.O-O Nb6 8.Nc3 Nc6
9.e3 Re8 10.d5 Na5 11.Nd4 Bd7 12.e4 c6 13.Re1 Rc8 14.Bf4 Nac4 15.b3 e5 16.dxe6 Bxe6
17.Nxe6 Qxd1 18.Rexd1 fxe6 19.Rac1 Ne5 20.Kf1 Rcd8 21.Ke2 Kf7 22.Bg5 Bf6
23.Bxf6 Kxf6 24.f4 Nf7 25.e5+ Ke7 26.Ne4 Nd5 27.Nc5 b6 28.Nxe6 Kxe6 29.Rxc6+ Kf5
30.Rxd5 Rxd5 31.Rf6+ Kg4 32.Bxd5 Nxe5 33.Be6+  1-0

[Event "EuCh-Internet KO"]
[Site "playchess.com INT"]
[Date "2004.11.07"]
[Round "2.1"]
[White "Turov,M"]
[Black "Gelfand,B"]
[Result "0-1"]
[WhiteElo "2543"]
[BlackElo "2693"]


1.e4 c5 2.Nc3 d6 3.f4 g6 4.d4 cxd4 5.Qxd4 Nf6 6.e5 Nc6 7.Bb5 Nh5 8.Qd1 dxe5
9.Qxd8+ Kxd8 10.Bxc6 bxc6 11.fxe5 Bg7 12.Nf3 Bg4 13.O-O Bxf3 14.Rxf3 Bxe5
15.g4 Nf6 16.g5 Nd5 17.Nxd5 cxd5 18.Rxf7 Kd7 19.Bf4 Bd4+ 20.Kg2 Raf8 21.Rxf8 Rxf8
22.Bg3 Bxb2 23.Rb1 Bd4 24.Rb7+ Ke6 25.Be1 Rc8 26.Bb4 Rxc2+ 27.Kf3 Bc5 28.Bxc5 Rxc5
29.Rxa7 Rc3+ 30.Kf4 Rc4+ 31.Ke3 Rh4 32.a4 Rxh2 33.a5 Ra2 34.Kd4 Kf5 35.Kxd5 Kxg5
36.a6 h5 37.Ke4 Kg4 38.Ra8 h4 39.a7 g5 40.Ke3 h3  0-1

[Event "EuCh-Internet KO"]
[Site "playchess.com INT"]
[Date "2004.11.07"]
[Round "2.3"]
[White "Turov,M"]
[Black "Gelfand,B"]
[Result "0-1"]
[WhiteElo "2543"]
[BlackElo "2693"]


1.e4 c5 2.Nc3 e6 3.f4 d5 4.Nf3 dxe4 5.Nxe4 Be7 6.b3 Nf6 7.Nf2 Nc6 8.Bb2 b6
9.g3 Bb7 10.Bg2 Nd4 11.O-O Nxf3+ 12.Bxf3 Bxf3 13.Qxf3 O-O 14.Rad1 Qd5 15.Qxd5 Nxd5
16.c4 Nb4 17.a3 Nc6 18.Ne4 f5 19.Nf2 Bf6 20.Bxf6 gxf6 21.Rfe1 Kf7 22.Kg2 Rad8
23.d3 Rd6 24.Rb1 a5 25.Re3 Rfd8 26.Rb2 h5 27.Kf1 Rh8 28.Ke2 e5 29.Kd2 h4
30.Kc3 hxg3 31.hxg3 Rdd8 32.Rbe2 Rh2 33.fxe5 fxe5 34.g4 f4 35.Rh3 Rh8 36.Rxh8 Rxh8
37.Ne4 Nd4 38.Rf2 Rh1 39.b4 axb4+ 40.axb4 cxb4+ 41.Kxb4 Rb1+ 42.Ka4 Ra1+
43.Kb4 Rb1+ 44.Kc3 Rb3+ 45.Kd2 Kg6 46.Rf1 Rb2+ 47.Kc3 Rb3+ 48.Kd2 Rb2+ 49.Kc1 Rg2
50.g5 Ne2+ 51.Kd1 Ng3 52.Nxg3 Rxg3 53.Ke2 Kxg5 54.Rb1 Rg2+ 55.Kf3 Rg3+ 56.Ke4 Re3+
57.Kd5 Rxd3+ 58.Kxe5 Re3+ 59.Kd4 Re6 60.Kd5 Kf5 61.Rh1 f3 62.Rh5+ Kg4  0-1

[Event "Amber Blindfold"]
[Site "Monte Carlo MNC"]
[Date "2006.03.29"]
[Round "10"]
[White "Gelfand,B"]
[Black "Topalov,V"]
[Result "1/2-1/2"]
[WhiteElo "2723"]
[BlackElo "2801"]

1.d4 Nf6 2.c4 e6 3.Nc3 Bb4 4.e3 O-O 5.Bd3 c5 6.Ne2 cxd4 7.exd4 d5 8.cxd5 Nxd5
9.O-O Nc6 10.Qc2 h6 11.Rd1 Bd6 12.Be4 Nce7 13.Qb3 Nf6 14.Bf3 a6 15.Bf4 Bxf4
16.Nxf4 Qd6 17.Nh5 Nxh5 18.Bxh5 Bd7 19.Qxb7 Rab8 20.Qa7 Rxb2 21.Ne4 Nc8 22.Nxd6 Nxa7
23.Rdc1 Bc6 24.Nc4 Rbb8 25.Ne5 Be8 26.a4 Nc8 27.Be2 a5 28.Rc5 Nb6 29.Rb1 Bxa4
30.Rxa5 Nc4 31.Rxb8 Nxa5 32.Rb4 Bc2 33.Bf3 Rc8 34.h4 f6 35.Nd7 Nc6 36.Rc4 Ne7
37.Rxc8+  1/2-1/2

[Event "TCh-ESP Honor Gp2"]
[Site "San Sebastian ESP"]
[Date "2006.09.13"]
[Round "1"]
[White "Arizmendi Martinez,J"]
[Black "Gelfand,B"]
[Result "1/2-1/2"]
[WhiteElo "2542"]
[BlackElo "2729"]

1.e4 c5 2.Nf3 d6 3.d4 cxd4 4.Nxd4 Nf6 5.Nc3 a6 6.Be2 e5 7.Nb3 Be7 8.O-O O-O
9.Be3 Be6 10.Qd2 Nbd7 11.a4 Rc8 12.a5 Qc7 13.Rfd1 Nc5 14.Nxc5 dxc5 15.Qe1 Rfd8
16.Rxd8+ Rxd8 17.b3 Qc6  1/2-1/2

[Event "TCh-ESP Honor Gp2"]
[Site "San Sebastian ESP"]
[Date "2006.09.15"]
[Round "3"]
[White "Gelfand,B"]
[Black "Tiviakov,S"]
[Result "1-0"]
[WhiteElo "2729"]
[BlackElo "2668"]

1.d4 Nf6 2.c4 e6 3.Nc3 Bb4 4.e3 c5 5.Ne2 cxd4 6.exd4 O-O 7.a3 Be7 8.d5 exd5
9.cxd5 Re8 10.d6 Bf8 11.g3 Re6 12.Bf4 Nh5 13.Be3 Rxd6 14.Qb3 Nc6 15.Bg2 Nf6
16.O-O Re6 17.Rad1 d6 18.Nd4 Nxd4 19.Bxd4 Ne8 20.Nd5 Nc7 21.Rc1 Nxd5 22.Bxd5 Re7
23.Rfe1 Rxe1+ 24.Rxe1 Qc7 25.Re8 Bh3 26.Bxf7+ Kh8 27.Re1 b6 28.Qf3 Rc8 29.g4 Qd7
30.Bh5 Qe7 31.Bc3 Qh4 32.Re3  1-0

[Event "Amber Rapid"]
[Site "Monte Carlo MNC"]
[Date "2007.03.24"]
[Round "7"]
[White "Van Wely,L"]
[Black "Gelfand,B"]
[Result "1/2-1/2"]
[WhiteElo "2683"]
[BlackElo "2733"]

1.d4 Nf6 2.c4 e6 3.Nf3 b6 4.g3 Ba6 5.b3 Bb4+ 6.Bd2 Be7 7.Nc3 c6 8.e4 d5 9.Qe2 dxe4
10.Nxe4 c5 11.dxc5 Bb7 12.Nd6+ Bxd6 13.cxd6 Qxd6 14.Bg2 O-O 15.O-O Nbd7 16.Rfd1 Qc5
17.Bf4 Rfe8 18.Bd6 Qc8 19.Rac1 e5 20.b4 e4 21.Nd4 Ne5 22.c5 Nf3+ 23.Kh1 bxc5
24.bxc5 Nxd4 25.Rxd4 Bc6 26.Kg1 Qf5 27.h3 h5 28.Qe3 Nd5 29.Qb3 Rac8 30.Re1 Nf6
31.Qe3 Re6 32.Qf4 Qg6 33.h4 Rce8 34.Qg5 Qxg5 35.hxg5 Ng4 36.Bf4 Ne5 37.Red1 Nf3+
38.Bxf3 exf3 39.Be3 Kh7 40.Rd6 Kg6 41.R1d3 Re7 42.Ra3 Kf5 43.Ra6 Bb5 44.Rd5+ Re5
45.Rad6 Rxd5 46.Rxd5+ Kg6 47.Rd4 Rd7 48.Rxd7  1/2-1/2

[Event "II Rapid"]
[Site "Canada de Calatrava ESP"]
[Date "2007.04.06"]
[Round "2"]
[White "Gelfand,B"]
[Black "Garza Marco,S"]
[Result "1/2-1/2"]
[WhiteElo "2733"]
[BlackElo "2379"]

1.e4 d6 2.d4 Nf6 3.f3 e5 4.d5 c6 5.c4 Be7 6.Be3 O-O 7.Nc3 a6 8.Qd2 cxd5 9.cxd5 b5
10.b4 Nbd7 11.a4 bxa4 12.Nxa4 Nh5 13.Ne2 g6 14.g3 f5 15.Bg2 f4 16.Bf2 g5
17.g4 Nhf6 18.Nec3 h5 19.h3 Rb8 20.Rb1 Rf7 21.Qd3 Nf8 22.Kd2 Ng6 23.b5 axb5
24.Rxb5 Rxb5 25.Qxb5 hxg4 26.hxg4 Nh4 27.Bxh4 gxh4 28.Nb6 Nd7 29.Nxc8 Qxc8
30.Qc6 Rf8 31.Ra1 Nc5 32.Kc2 Ne6 33.Qxc8 Nd4+ 34.Kd3 Rxc8 35.Rc1 Ra8 36.Ne2 Nb3
37.Rb1 Nc5+ 38.Kc2 Ra2+ 39.Rb2 Rxb2+ 40.Kxb2 Nd3+ 41.Kc3 Ne1 42.Bh1 Bd8 43.Ng1 Ba5+
44.Kc4 Bb6 45.Nh3 Kg7 46.Kb5 Bc5 47.Kc6 Kf6 48.Kd7 Nd3 49.Bg2 Ne1 50.Bh1 Nd3  1/2-1/2

[Event "II Rapid"]
[Site "Canada de Calatrava ESP"]
[Date "2007.04.07"]
[Round "5"]
[White "Spasov,V"]
[Black "Gelfand,B"]
[Result "0-1"]
[WhiteElo "2588"]
[BlackElo "2733"]

1.e4 c5 2.Nf3 d6 3.d4 cxd4 4.Nxd4 Nf6 5.Nc3 a6 6.Be3 Ng4 7.Bc1 Nf6 8.Be3 e5
9.Nf3 Be7 10.Bc4 O-O 11.O-O Nc6 12.Qe2 Na5 13.Bd5 Bd7 14.Rfd1 Rc8 15.h3 b5
16.a3 h6 17.Rac1 Nc4 18.Bxc4 Rxc4 19.Nd2 Rc8 20.Nf1 Rxc3 21.bxc3 Nxe4 22.Qe1 Qa8
23.f3 Nf6 24.Bf2 Be6 25.Ra1 Qc6 26.Ne3 Rc8 27.c4 bxc4 28.Rab1 Nh5 29.Qa5 Nf4
30.Rb6 Qd7 31.Qxa6 d5 32.Rb7 Qd8 33.Ng4 Ra8 34.Qb5 Ne2+ 35.Kh1 Nc3 36.Qc6 Nxd1
37.Bb6 Qe8 38.Qxe8+ Rxe8 39.a4 Bb4 40.Nxe5 Ra8 41.Ba7 Bc3 42.Nc6 d4 43.Nxd4 Rxa7
44.Rxa7 Bxd4 45.Ra8+ Kh7 46.a5 Ne3 47.a6 Nxc2 48.Rd8 Be3 49.Rb8 c3 50.Rb7 Ne1
51.a7 Bxa7 52.Rxa7 c2 53.Rc7 Bb3 54.Rc3 Nd3 55.Rxd3 c1=Q+ 56.Kh2 Qc7+ 57.Kh1 Bc4
58.Rc3 Qc5 59.Rc1 Qd4 60.Rg1 Bd5 61.Rf1 Qe3 62.Kh2 Bc4 63.Rg1 Qf2 64.Rc1 Bf1  0-1

[Event "Pivdenny Bank Cup"]
[Site "Odessa UKR"]
[Date "2007.07.06"]
[Round "8"]
[White "Tukmakov,V"]
[Black "Gelfand,B"]
[Result "0-1"]
[WhiteElo "2551"]
[BlackElo "2733"]

1.d4 Nf6 2.c4 e6 3.g3 c5 4.Nf3 cxd4 5.Nxd4 Qc7 6.Nd2 a6 7.Bg2 Nc6 8.Nxc6 dxc6
9.O-O e5 10.b3 Be7 11.Bb2 Bf5 12.e4 Bg4 13.f3 Be6 14.f4 exf4 15.gxf4 Ng4
16.Qe2 O-O-O 17.Kh1 Qd6 18.Nb1 Qd3 19.Qxd3 Rxd3 20.f5 Bd7 21.e5 Bc5 22.e6 fxe6
23.Bxg7 Rd8 24.Nc3 exf5 25.Na4 Be3 26.h3 Rg8 27.Nb2 Rd2 28.Bc3 Nf2+  0-1

[Event "Rapid"]
[Site "Beer Sheva ISR"]
[Date "2007.10.20"]
[Round "2"]
[White "Greenfeld,A"]
[Black "Gelfand,B"]
[Result "0-1"]
[WhiteElo "2559"]
[BlackElo "2736"]

1.d4 d5 2.c4 c6 3.Nf3 Nf6 4.Nc3 e6 5.Bg5 h6 6.Bh4 dxc4 7.e4 g5 8.Bg3 b5 9.Ne5 Bb7
10.h4 g4 11.Nxg4 Nxg4 12.Qxg4 Qxd4 13.Be2 Na6 14.Rd1 Qg7 15.Qh5 Qg6 16.Qe5 Qg7
17.Nxb5 Qxe5 18.Bxe5 cxb5 19.Bxh8 Bxe4 20.b3 Bxg2 21.Kd2 O-O-O+ 22.Ke3 Bc5+
23.Kf4 Bxh1  0-1

[Event "World Blitz"]
[Site "Moscow RUS"]
[Date "2007.11.21"]
[Round "11"]
[White "Gelfand,B"]
[Black "Carlsen,M"]
[Result "1/2-1/2"]
[WhiteElo "2736"]
[BlackElo "2714"]

1.d4 Nf6 2.c4 e6 3.Nc3 Bb4 4.e3 O-O 5.Bd3 d5 6.cxd5 exd5 7.Ne2 Re8 8.O-O Bd6
9.f3 c5 10.Nb5 Bf8 11.dxc5 Bxc5 12.Nbd4 Nc6 13.Bd2 Qb6 14.Kh1 Nxd4 15.exd4 Bxd4
16.Nxd4 Qxd4 17.Bc3 Qf4 18.Bb5 Rd8 19.Re1 d4 20.Bd2 Qd6 21.Bd3 Be6 22.Bg5 h6
23.Bxf6 gxf6 24.Qd2 Kg7 25.Re4 Qd5 26.Rh4 Qg5 27.Qf2 Qe3 28.Qg3+ Kf8 29.Rd1 Rac8
30.Re4 Qg5 31.Qe1 Bf5 32.h4 Qg7 33.Qb4+ Kg8 34.Rxd4 Bxd3 35.R4xd3 Rxd3 36.Rxd3 Qg3
37.Qg4+ Qxg4 38.fxg4 Rc4 39.Rd7 Rxg4 40.Rxb7 Rxh4+ 41.Kg1 a5 42.Rb5 a4 43.a3 Rc4
44.b3 axb3 45.Rxb3 Rc2 46.Rf3 Kg7 47.Rf2 Rc4 48.Rf3 Rc1+ 49.Rf1 Rc4 50.Rf3 h5
51.Kh2 Kg6 52.Rb3 f5 53.Rg3+ Kf6 54.Rh3 h4 55.Rb3 Ra4 56.Rb4 Rxa3 57.Rxh4 Kg5
58.Rb4 f4 59.Rb7 f6 60.Rg7+ Kf5 61.Rb7 Ra2 62.Kg1 f3 63.gxf3 Kf4 64.Rb5 Kg3
65.Kf1 Rf2+ 66.Kg1 Rxf3 67.Rb8 Ra3 68.Rg8+ Kf3 69.Rf8 Ra6 70.Rf7 Kf4 71.Kf2 f5
72.Rf8 Ra2+ 73.Kg1 Kg4 74.Rg8+ Kf3 75.Rf8 f4 76.Rf7 Ra1+ 77.Kh2 Rf1 78.Ra7 Rf2+
79.Kg1 Re2 80.Rf7 Ra2 81.Rf8 Ra4 82.Rf7 Re4 83.Rf8 Re7 84.Kf1 Ra7 85.Kg1 Rh7
86.Ra8 Rg7+ 87.Kf1 Kg3 88.Ra3+ f3 89.Ra8  1/2-1/2